Citations d'oeuvres littéraires + Auteurs # 1 - Statistiques

Statistiques générales
  • Ce quiz a été pris 1 253 fois
  • Le résultat moyen est 9 sur 20
Statistiques - réponses
Question Réponse % Correct
S'il vous plaît… dessine-moi un mouton ! Le petit prince
91%
Antoine de Saint-Exupéry
86%
Albert Camus
81%
Jean de La Fontaine
80%
Aujourd’hui, maman est morte. Ou peut-être hier, je ne sais pas. L'étranger
80%
Vous chantiez ? J'en suis fort aise: - Eh bien ! Dansez maintenant. La cigale et la fourmi
79%
Molière
49%
Arthur Rimbaud
48%
C'est un trou de verdure où chante une rivière Le dormeur du val
43%
William Shakespeare
42%
Il y a quelque chose de pourri dans l’empire du Danemark Hamlet
39%
Mais que diable allait-il faire dans cette galère ? Les fourberies de Scapin
33%
Emile Zola
26%
Boris Vian
22%
Jamais vous ne serez dignes du bonheur, tant que vous aurez quelque chose à vous, et que votre haine des bourgeois viendra uniquement de votre besoin enragé d'être des bourgeois à leur place. Germinal
21%
- Le plus clair de mon temps, dit Colin, je le passe à l'obscurcir.
- Pourquoi? demanda plus bas le directeur.
- Parce que la lumière me gène, dit Colin.
L'écume des jours
21%
Eugène Ionesco
18%
Tiens, il est neuf heures. Nous avons mangé de la soupe, du poisson, des pommes de terre au lard, de la salade anglaise. Les enfants ont bu de l'eau anglaise. Nous avons bien mangé, ce soir. C'est parce que nous habitons dans les environs de Londres et que notre nom est Smith. La cantatrice chauve
16%
Alfred de Musset
11%
Tu me demandes pourquoi je tue Alexandre ? Veux-tu donc que je m'empoisonne, ou que je saute dans l'Arno ? Lorenzaccio
11%
Aucun quiz correspondant
Distribution des résultats
% des personnes avec chaque résultat
Percentile par nombre de réponses
Votre historique - résultats
Vous n’avez pas pris ce quiz